00431nam a2200181Ia 4500008004100000041001200041082000800053082001100061100001900072100001100091245003600102250001300138260001400151260003500165260000900200300001500209365002500224150901s9999 xx 000 0 und d aEnglish a658 bVAN/F1 aVanhorne J.C  eAuthor aFinancial management and policy a10th Ed. aNew Delhi bPrentice-hall of India Pvt Ltd c1998 a858 Pages aRs.295